The formulation of matrix mechanics and its modifications, 1925-1926 /

Bibliographic Details
Main Author: Mehra, Jagdish
Other Authors: Rechenberg, Helmut
Format: Book
Language:English
Published: New York : Springer-Verlag, [1982]
Series:Mehra, Jagdish. Historical development of quantum theory ; v. 3.
Subjects:

MARC

Tag First Indicator Second Indicator Subfields
LEADER 00000cam a2200000 a 4500
001 in00000015177
005 20151007053008.0
008 820302s1982 nyu b 00110 eng
010 |a  82003253  
020 |a 0387906754 
020 |z 0540906754 
020 |z 0387906754 (U.S.) 
035 |a (OCoLC)08283722 
035 |9 AAA9988AM 
040 |a DLC  |c DLC  |d m/c  |d TXA  |d UtOrBLW 
049 |a TXAM  |c [A07839693] 
050 0 0 |a QC173.98  |b .M44 vol. 3 
100 1 |a Mehra, Jagdish. 
245 1 4 |a The formulation of matrix mechanics and its modifications, 1925-1926 /  |c Jagdish Mehra, Helmut Rechenberg. 
264 1 |a New York :  |b Springer-Verlag,  |c [1982] 
264 4 |c ©1982 
300 |a vi, 334 pages ;  |c 25 cm. 
336 |a text  |b txt  |2 rdacontent 
337 |a unmediated  |b n  |2 rdamedia 
338 |a volume  |b nc  |2 rdacarrier 
490 1 |a The Historical development of quantum theory / Jagdish Mehra, Helmut Rechenberg ;  |v v. 3 
504 |a Bibliography: pages [303]-329. 
500 |a Includes index. 
650 0 |a Matrix mechanics. 
700 1 |a Rechenberg, Helmut. 
800 1 |a Mehra, Jagdish.  |t Historical development of quantum theory ;  |v v. 3. 
999 |a MARS 
999 f f |s e76cb4d2-5d93-3946-b79b-9a83b972548e  |i 169f6d5c-9455-3e0b-abc7-f9c250726373  |t 0 
952 f f |p normal  |a Texas A&M University  |b College Station  |c Sterling C. Evans Library  |s Evans stk  |d Evans: Library Stacks  |t 0  |e QC173.98 .M44 vol.3  |h Library of Congress classification  |i unmediated -- volume  |m A14807839693 
998 f f |a QC173.98 .M44 vol.3  |t 0  |l Evans: Library Stacks